000 00565nam a22001937a 4500
003 KOHA_MİRAKIL
005 20251124072802.0
008 251124b tu ||||| |||| 00| 0 tur d
020 _a9786056670831
040 _aTR-AnABB
_btur
_cTR-AnABB
041 _atur
082 _a813.42
_bALT 2017
100 1 _aAltay, İbrahim,
245 1 0 _aKontemporari İbrahim Efendi'nin rüyaları /
_cİbrahim Altay
260 _aİstanbul :
_bTurkuvaz Yayınları,
_c2017
300 _a128 sayfa ;
_c17 cmTürk
650 0 4 _aTürk edebiyatı, roman
942 _2ddc
_cBK
999 _c9574
_d9574
900 _bGizem YORULMAZ